00377nam a2200121Ia 4500001000400000008004100004082002100045100006500066245005700131260002500188901002700213999001500240838241024s9999 xx 000 0 und d aRD/028.9/426c/de aRepública Dominicana.Secretaría de Estado de Educación 0aContenidos y Estratégias de Lectura Nivel Básico bEd. Centenarioc1998 a6/12/2010 9:45:01 a.m. c9972d9972